| 000 | 00695nam a2200193 a 4500 | ||
|---|---|---|---|
| 005 | 20240830063937.0 | ||
| 008 | 991125s1973 mx 000 0 spa u | ||
| 035 | _aUPN01000045051 | ||
| 049 | _aCG | ||
| 050 | 4 |
_aLB1043 _bK4.68 1973 |
|
| 100 | 1 | _aKemp, Jerrold E. | |
| 245 | 1 | 0 |
_aPlanificación y producción de materiales audiovisuales / _cJerrold E. Kemp ; con la colab. de Ron Carraher, Willard R. Card, Richard Szumski ; tr. Ma. Luisa Sigg Vega. |
| 250 | _a2a ed. | ||
| 260 |
_aMéxico : _bRepresentaciones y Servicios de Ingeniería, _c1973. |
||
| 300 |
_a292 p. : _bil. |
||
| 650 | 4 |
_aAPARATOS AUDIOVISUALES _9230 |
|
| 650 | 4 |
_aEnseñanza _vMateriales auxiliares _912548 |
|
| 905 | _aLibro | ||
| 999 |
_c45051 _d45051 |
||